01172pab a2200193 454500008004000000100001700040245005200057260000900109300001600118362001100134520059700145650002200742650002800764650002000792773003400812909001000846999001700856952010500873180718b2004 xxu||||| |||| 00| 0 eng d aSanjay Kumar aImpact of economic reforms on Indian electorate c2004 ap.1621-630. a17 Apr aEconomic reforms initiated since the 1990s became an election issue in the 1996 general elections, when the Congress raised it in its manifesto. Later, the party's defeat and subsequent slide in parliament was attributed to its espousal of the themes of liberalisation and privatisation. This article analyses the results of surveys conducted after the three successive Lok Sabha elections of 1996, 1998 and 1999. While opinions on reforms differ across communities and categories of voters, increasing levels of awareness do not necessarily coincide with a support for reforms. - Reproduced. aElections - India aEconomic reform - India aEconomic reform aEconomic and Political Weekly a60389 c60389d60389 00104070aIIPAbIIPAd2018-07-19hVolume no: 39, Issue no: 16pAR60835r2018-07-19w2018-07-19yAR